1862 1369 1685 1909 1083 1644 1837 1653 1320 1672 1133 1451 1208 1199 1999 1589 1071 1584 1651 1354 1941 1111 1719 1559 1530 1349 1757 1560 1669 1714 1786 1528 1260 1613 1604 1646 1965 1322 1521 1723 1112 1715 1872 1834 1035 1207 1849 1678 1847 1021 1257 1996 1424 1905 1199 1997 1699 1180 1987 1110 1560 1843 1053 1519 1811 1351 1207 1290 1664 1576 1823 1173 1283 1091 1367 1291 1520 1337 1655 1475 1396 1534 1172 1234 1020 1698 1382 1363 1226 1936 1657 1521 1361 1752 1714 1481 1051 1713 1840 BCNSPRNW ULIB Ver.6.0+V

เปลี่ยนเป็นภาษาไทย

Change to English
 แสดงรายละเอียดบรรณานุกรม
  กลับหน้าหลัก

Brief Record : Get Marc (ISO 2709) : E-mail record : QR code < ปิดหน้าต่าง
LEADER : 00000nam 2200000uu 4500
001    13399127447
003     ULIB
008    200525s2020||||th 000 0 tha d
020    ^a9780323554558
060 04 ^aWY152^bW852B
100 1  ^aWilliams, Patricia
245 10 ^aBasic geriatric nursing /^cPatricia Williams.
250    ^a6th ed.
260    ^aSt. Louis, Mo. :^bElsevier/Mosby,^c2020
300    ^axvi, 379 p. :^bill. (some col.) ;^c28 cm.
504    ^aIncludes bibliographical references and index
650  2 ^aAged
650  2 ^aAging
650  2 ^aGeriatric Nursing^xmethods
650  2 ^aNursing Care
945    ^p0^l0^i28328
999    ^aกัณชพร จุลอักษร
รายการนี้ยังไม่มีแท็ก
คุณยังไม่ได้ล็อกอิน คุณสามารถมีกิจกรรมร่วมกับเว็บไซต์ได้ แต่ต้องล็อกอินก่อน ::
  ล็อกอิน

รายการสื่อสารสนเทศ

ลำดับที่ ประเภท เลขเรียก/บาร์โค้ด สถานที่ สถานะ
1. หนังสือสำรอง
หนังสือสำรอง
WY152 W852B ฉ.1 
  Barcode: 28328
ห้องสมุดวิทยาเขตนครสวรรค์
►หนังสือทั่วไป:l:General Books
บนชั้น

รายการใกล้เคียง
    ผู้แต่ง [Williams, Patricia]

    หัวเรื่อง [Aged]
    หัวเรื่อง [Aging]
    หัวเรื่อง [Nursing Care]

BibComment


ยังไม่เคยถูกคอมเมนท์

คอมเมนท์ทรัพยากรรายการนี้
  คอมเมนท์: Basic geriatric ..


 Copyright 2026. Bcnsprnw @Library